00256nam a2200097Ia 4500082002100000100001800021245005400039260002600093300001000119504002900129 aRR 016.32754 PAT aPatil, R.L.M. 0aIndia: Nuclear weapons and international politics aDelhibNationalc1969 a338p. aBibliography : p.131-338